000 00842nam a2200229Ia 4500
005 20250108124852.0
008 008 250107s9999 xx 000 0 hin d
020 _a978-81-903654-7-5
037 _aTB
040 _aCRL
_bhin
_cCRL
041 _ahin
_2hin
084 _aO168,1N21:g R3
084 _qCRL
100 _aकाम्बूसैनी, कर्ण सिंह, ले.
_9729983
245 0 _aहिन्दू चला पतन की ओर कौन रोकेगा कौन - सी ठोर
_cकाम्बूसैनी, कर्ण सिंह, ले.
260 _aरूड़की, भारत
_bप्रीति प्रैस
_c2501
300 _a151पृ0
365 _aINR
_b200
650 _aधर्म
942 _cTB
_hO168,1N21:g R3
999 _c1234889
_d1234889